Quizzes
Events
Quiz Creation
Community
Videos
Private Events
Remove Ads
Sign In
Join for FREE
Feedback
Dark Mode
Quiz Categories
Sports
Geography
Music
Movies
Television
Just For Fun
Miscellaneous
History
Literature
Language
Science
Gaming
Entertainment
Religion
Holiday
For Kids
Quiz Lab
Recent
Popular Today
Quiz Kudos Today
Editor Picks
Curator Picks
Quizzes by...
Day
Popularity
Type
Ratings
Length
Year
Community
Subscriptions
Recent Discussions
Orange Saloon
Badges
Playlists
Quests
Create
Leaderboards
Showdown
Live 5
Trivia Bingo
Activity
Puzzle Library
Sporcle Events
Private Events
Virtual Trivia
Globe League
Become a Host
Pub Owners
SporcleCon
Opinionation
Our Games
Videos
Blog
Mobile Apps
Partnerships
Remove Ads and Go Orange
Feedback
Sports
Athletes
MLB
NBA
NHL
NFL
Soccer
Sports Teams
WWE
NCAA
Football
Premier League
Basketball
Baseball
Hockey
Golf
Tennis
Cricket
Rugby
Auto Racing
Olympics
World Cup
Sports
Athletes
MLB
NBA
NHL
NFL
Soccer
Sports Teams
WWE
NCAA
Football
Premier League
Basketball
Baseball
Hockey
Golf
Tennis
Cricket
Rugby
Auto Racing
Olympics
World Cup
Random Quiz
Search Sporcle
×
Quiz Lab
Quiz Lab
Sports
Type in answers that appear in a list
Type in answers that appear in a list
Classic
Best Score? Go Orange.
NFL one-game wonders — WRs Stats
Can you name the NFL teams for which these WRs had their only 100-yard game?
By
ammek
10m
42 Questions
204 Plays
204 Plays
204 Plays
Comments
Comments
Give Quiz Kudos
Give Quiz Kudos
-
- Ratings
hide this ad
Forced Order
Answers have to be entered in order
Answers have to be entered in order
Replay
Link that replays current quiz
Next Quiz
Link to next quiz in quiz playlist
You Got
0%
They Got
Avg Score
39%
Avg Friend Score
Upgrade to see
Score Distribution
Jump to the score distribution portion of the page
Score
0/42
Timer
10:00
0
Plays Today
Player
Team
% Correct
Devin Hester
Chicago Bears
99%
Domenik Hixon
New York Giants
92.2%
Donnie Avery
Saint Louis Rams
90.2%
Arnaz Battle
San Francisco 49ers
83.3%
Roscoe Parrish
Buffalo Bills
80.9%
David Tyree
New York Giants
78.9%
Greg Lewis
Philadelphia Eagles
78.4%
Reggie Williams
Jacksonville Jaguars
76%
Troy Williamson
Minnesota Vikings
70.6%
Jerheme Urban
Arizona Cardinals
66.2%
Justin McCareins
New York Jets
58.8%
Robert Ferguson
Green Bay Packers
52.5%
Kassim Osgood
San Diego Chargers
47.5%
Roydell Williams
Tennessee Titans
46.6%
Ruvell Martin
Green Bay Packers
42.2%
Brandon Jones
Tennessee Titans
39.7%
Demetrius Williams
Baltimore Ravens
39.7%
Ron Dixon
New York Giants
38.2%
Devard Darling
Baltimore Ravens
37.3%
Dez White
Chicago Bears
36.3%
Marc Boerigter
Kansas City Chiefs
35.8%
Player
Team
% Correct
Frisman Jackson
Cleveland Browns
30.4%
Cedrick Wilson
San Francisco 49ers
29.9%
Scottie Vines
Detroit Lions
27.5%
Michael Lewis
New Orleans Saints
26%
Troy Edwards
Jacksonville Jaguars
25.5%
Laurent Robinson
Atlanta Falcons
25.5%
Kelly Campbell
Minnesota Vikings
23.5%
Jerome Pathon
Indianapolis Colts
23.5%
D'Wayne Bates
Chicago Bears
22.5%
Jamaar Taylor
New York Giants
16.2%
Jason McAddley
Arizona Cardinals
14.2%
Derrius Thompson
Washington Redskins
14.2%
Trevor Gaylor
Atlanta Falcons
13.7%
MarTay Jenkins
Arizona Cardinals
13.2%
Reggie Jones
San Diego Chargers
11.3%
Larry Foster
Detroit Lions
10.3%
Derick Armstrong
Houston Texans
9.3%
Danny Farmer
Cincinnati Bengals
8.8%
Quentin McCord
Atlanta Falcons
8.3%
James Williams
Seattle Seahawks
6.9%
Robert Wilson
New Orleans Saints
5.9%
Quiz Playlist
Details
Report
Send in Message
Add To Playlist
Classic:
Type in answers that appear in a list
Forced Order:
Answers have to be entered in order
Quiz Source
Last Updated: Feb 16, 2017
Quiz Scoreboard
CHALLENGE
Sign Up to Join the Scoreboard
Show All
Scores
Hide
Comments
May contain spoilers
Recently Published
9x9 Crossword: Cartoon Network
by jackfrog10
Miscellaneous
3m
College Basketball Coaching Resumes
by pancakes188
Sports
9m
Billboard Blitz: Fleetwood Mac
by CooCooCachoo
Music
15s
More to Explore
Quiz From the Vault
Featured Blog Post
Where Did the Easter Bunny Come From?
hide this ad
You Might Also Like...
Tags
This quiz does not have any tags.
Today's Top Quizzes in Sports
Browse Sports
hide this ad
Top Contributed Quizzes in Sports
1
2022 World Cup Stars
2
Les meilleurs buteurs des matchs entre le PSG et l’OM
3
FIFA Club World Cup Champions
4
Les entraîneurs de l'OM et du PSG au 21e siècle
5
Criteria MLB: Left Handed Sluggers
6
2023 MLB Unique Player Accomplishments
7
AFC Teams Reveal (Wrong Answers Minefield)
8
Players with Multiple 50 Home Run Seasons
9
5-to-1: FBS Animal Nicknames
10
5-to-1: UK Sports Teams
Explore More
Trending Topics
Marvel
NBA
Disney
Anime
Crossword
Harry Potter
Kpop
Song
Puzzle
Soccer
NFL
Country
WWE
Pokémon
The Office
hide this ad
More By:
ammek
Quiz
Plays
Rating
Category
Featured
Created
Literary Surnames
76,900
4.15
Literature
Oct 23, 2009
Green Bay Packers 3-TD games
807
4.50
Sports
Oct 17, 2009
NFL 10-sack seasons
779
4.10
Sports
Oct 18, 2010
NFL Pick-Sixes
614
5.00
Sports
Oct 20, 2009
NFL 400-yard passing games
531
4.40
Sports
Oct 17, 2009
Go to Creator's Profile
Score Distribution
Quiz Creator Spotlight
ammek
Follow
Send a Message
Quizzes Created
-
Created Quiz Play Count
-
More By This Creator
Popular Quizzes Today
1
Find the US States - No Outlines Minefield
2
Find the Countries of Europe - No Outlines Minefield
3
The Countries of the World
4
Find the US States
5
Risky Map Clicking: Biggest States A-Z
6
US States
7
Popular People in 1961
8
Movies - When Are They Set?
More Sports Quizzes
French players with 100+ goals in the TOP 5 in 21st
Quiz Lab
Trending Quizzes
Risky Map Clicking: Least Populous States A-Z
1-10 Letter G Words
Risky Map Clicking: Next State Alphabetically
Adjectives in 80s TV Shows
The Seven Year Switch: Catherine
Recently Updated
Leaping Animals
pecheneg
Reality TV Shows (A-Z)
bhenderson79
Rickey Henderson's Hall of Fame Teammates
pecheneg
Champions League XIs: Arsenal
pecheneg
Quick Pick: Celebrities in WWE's Hall of Fame
aduchscher
A-Z Keypad Blitz II
pecheneg
Multiple Oscar Actors
pecheneg
Mystery Phrase Blitz: Oscar 'Best Actors'
pecheneg
F. Scott Fitzgerald Novels
LTH
Pick 3 Villains
ddd62291
Trending Topics
Kpop
Harry Potter
Marvel
Crossword
Anime
Disney
NBA
The Office
Soccer
Country
NFL
Pokémon
Song
WWE
Puzzle
Your Account Isn't Verified!
In order to create a playlist on Sporcle, you need to verify the email address you used during registration. Go to your
Sporcle Settings
to finish the process.
Report this User
Report this user for behavior that violates our
Community Guidelines
.
Details:
Send Report
Go to the Sporcle.com Mobile Site →
Comments